000 00509nam a2200205Ia 4500
999 _c15879
_d15879
003 0100
005 20190711155029.0
008 130303s9999 xx 000 0 und d
040 _cARRUPELIB
050 _aHD75.6.O97 1987
100 _aWorld Commision on Environment and Development
_946940
245 _aOur common future
260 _aOxford
_bOxford University Press
_c1987
300 _axv
300 _b 400 p.21cm
650 _bHuman ecology
_916936
942 0 0 _01
_2lcc
_cMONOGRAPH